FRANCISCO I. MADERO ANTE LA HISTORIA : (Registro nro. 2615)
[ vista simple ]
| 000 -LEADER | |
|---|---|
| fixed length control field | 00513nam a2200157 a 4500 |
| 001 - CONTROL NUMBER | |
| control field | 2615 |
| 005 - DATE AND TIME OF LATEST TRANSACTION | |
| control field | 20180713182603.0 |
| 008 - FIXED-LENGTH DATA ELEMENTS--GENERAL INFORMATION | |
| fixed length control field | 140415s1973 mx 000 0 spa d |
| 041 ## - LANGUAGE CODE | |
| Language code of text/sound track or separate title | spa |
| 082 ## - DEWEY DECIMAL CLASSIFICATION NUMBER | |
| Classification number | 972.0612 |
| Item number | FRA |
| 245 00 - TITLE STATEMENT | |
| Title | FRANCISCO I. MADERO ANTE LA HISTORIA : |
| Remainder of title | (SEMBLANZAS Y OPINIONES) |
| 260 ## - PUBLICATION, DISTRIBUTION, ETC. | |
| Place of publication, distribution, etc. | MEXICO : |
| Name of publisher, distributor, etc. | TALLERES GRAFICOS DE LA NACION, |
| Date of publication, distribution, etc. | 1973 |
| 300 ## - PHYSICAL DESCRIPTION | |
| Extent | 260 |
| 490 ## - SERIES STATEMENT | |
| Series statement | INSTITUTO NACIONAL DE ESTUDIOS HISTORICOS DE REV.. |
| 650 14 - SUBJECT ADDED ENTRY--TOPICAL TERM | |
| Topical term or geographic name entry element | MEXICO |
| General subdivision | HISTORIA |
| -- | REVOLUCION, 1910 |
| -- | 1917 |
| Withdrawn status | Lost status | Source of classification or shelving scheme | Damaged status | Not for loan | Collection code | Home library | Current library | Shelving location | Date acquired | Source of acquisition | Inventory number | Total Checkouts | Full call number | Barcode | Date last seen | Date last checked out | Price effective from | Koha item type |
|---|---|---|---|---|---|---|---|---|---|---|---|---|---|---|---|---|---|---|
| Dewey Decimal Classification | General | Biblioteca Karol Wojtyla | Biblioteca Karol Wojtyla | Sala general | 03/12/2013 | Compra | 151000000000000000037839 | 1 | 972.0612 FRA | 13463 | 05/01/2026 | 15/03/2019 | 03/12/2013 | Libro |